| 000 | 00424nam a2200145Ia 4500 | ||
|---|---|---|---|
| 008 | 181023s9999 xx 000 0 und d | ||
| 020 | _a9781259251085 | ||
| 100 | _aRegister, Charles A. | ||
| 245 |
_cCharles A. Register, Paul W. Grimes.-- _aEconomics of social issues / |
||
| 250 | _a21st ed | ||
| 260 |
_aNew York : _bMcGraw Hill _c2016 |
||
| 300 | _axix, 470 pages. | ||
| 650 | _aEconomics. | ||
| 650 | _aSocial problems. | ||
| 999 |
_c359312 _d359312 |
||